Vista normal
Vista MARC
Entrada Personal Name
Número de registros utilizados en: 2
001 - CONTROL NUMBER
- control field: 64582
003 - CONTROL NUMBER IDENTIFIER
- control field: OSt
005 - DATE AND TIME OF LATEST TRANSACTION
- control field: 20250901213507.0
008 - FIXED-LENGTH DATA ELEMENTS
- fixed length control field: 250901|| aca||aabn | a|a d
040 ## - CATALOGING SOURCE
- Original cataloging agency: OSt
- Transcribing agency: OSt
100 ## - HEADING--PERSONAL NAME
- Personal name: Esteve Gomis, Carina
670 ## - SOURCE DATA FOUND
- Source citation: Work cat.: (OSt)58989: Wilhelm, Hans, 1945- aut ill 64581, Yo siempre te querré /